| 000 | 00529nam a2200205Ia 4500 | ||
|---|---|---|---|
| 003 | OSt | ||
| 005 | 20230327101128.0 | ||
| 008 | 210423s2003 xx 000 0 und d | ||
| 020 | _a8180300420 | ||
| 040 | _cAL | ||
| 041 | _aeng | ||
| 082 |
_a541.242 _223 _bBANK |
||
| 100 |
_aBANSAL (Kamlesh). _978094 |
||
| 245 | _aGroup theory and symmetry in chemistry. | ||
| 260 |
_aNew Delhi _bCampus Books _c2003 |
||
| 300 |
_ax,272 _bHB |
||
| 365 |
_b550 _cINR |
||
| 906 | _achemistry. ; Group ; symmetry ; theory | ||
| 942 |
_2ddc _cBK |
||
| 999 |
_c154089 _d154089 |
||